| 000 | 00819nam a2200217 a 4500 | ||
|---|---|---|---|
| 001 | 56156 | ||
| 003 | BD-RjUL | ||
| 005 | 20211209080347.0 | ||
| 008 | 161127r19731972bg ||||| |||| 00| 0 ben d | ||
| 035 | _a(BD-RjUL)56280 | ||
| 040 |
_aBD-RjUL _bben _cBD-RjUL _dBD-RjUL |
||
| 041 | _aben | ||
| 082 |
_223 _a891.442 _bALR 1973 |
||
| 100 |
_aআলাউদ্দিন, মোঃ _9119187 |
||
| 245 | 1 | 0 |
_aরক্ত দিয়ে আনলাম : _b[কচু পাতার পানি] / _cমোঃ আলাউদ্দিন |
| 260 |
_aবগুড়া : _bসাহিত্য কুটির, _c১৯৭২ [মুদ্রণ ১৯৭৩] |
||
| 300 |
_a১১১ পৃ. ; _c১৯ সেমি. |
||
| 650 |
_aবাংলা নাটক _9167154 |
||
| 650 |
_aBengali Drama _9167155 |
||
| 942 |
_2ddc _cBK |
||
| 999 |
_c56156 _d56156 |
||